000 00670nam a2200217 a 4500
001 63472
003 BD-RjUL
005 20211209081212.0
008 170130s1952 enk 001 0beng
035 _a(BD-RjUL)63601
040 _aDLC
_cCarP
_dBD-RjUL
_beng
041 _aeng
082 _223
_a821.7
_bABA 1952
100 1 _aAbercrombie, Lascelles,
_d1881-1938.
_9188798
245 1 4 _aThe art of Wordsworth /
_cLascelles Abercrombie
260 _aLondon,
_aNew York :
_bOxford University Press,
_c1952.
300 _a157 p. ;
_c19 cm.
500 _aIncludes index.
600 1 0 _aWordsworth, William,
_d1770-1850
_xCriticism and interpretation.
_9186203
942 _2ddc
_cBK
999 _c63472
_d63472